Sports Quiz

Random Sports or MLB Quiz

Under .250 With 30+ Home Runs Quiz Stats

 Plays Quiz Updated Oct 1, 2017

Challenge
Share
Tweet
Embed
Score 0/121 Timer 10:00
1 Play Today
Year Answer % Correct
2005Adam Dunn
82.8%
2006Adam Dunn
82.8%
2012Adam Dunn
82.8%
2013Adam Dunn
79.6%
2008Adam Dunn
79.5%
2017Khris Davis
72.8%
2016Chris Davis
71.7%
2016Khris Davis
71.6%
2012Ike Davis
69.4%
1989Mark McGwire
68.2%
1990Mark McGwire
68.2%
2004Chipper Jones
67.1%
1992Cecil Fielder
66.6%
1995Cecil Fielder
66.6%
1978Gorman Thomas
63.1%
1980Gorman Thomas
63.1%
1982Gorman Thomas
63.1%
1985Gorman Thomas
63.1%
1998Jose Canseco
60.3%
1986Jose Canseco
60.3%
1979Gorman Thomas
59.8%
2015Álex Rodriguez
58.2%
2015Albert Pujols
57.2%
2016Jay Bruce
56.4%
2014Chris Carter
56%
2016Chris Carter
56%
1989Joe Carter
55.6%
2008Carlos Peña
55.5%
2009Carlos Peña
55.5%
1986Dave Kingman
52.7%
1982Dave Kingman
52.7%
1975Dave Kingman
52.7%
1976Dave Kingman
52.7%
1985Dave Kingman
52.7%
2015José Bautista
52.3%
2011Evan Longoria
52%
2012Curtis Granderson
51.4%
2009Curtis Granderson
51.4%
2003Jason Giambi
49.6%
2008Jim Thome
47.9%
2008Jason Giambi
47.3%
Year Answer % Correct
2010Mark Reynolds
46.1%
2011Mark Reynolds
46.1%
2016Curtis Granderson
45.3%
1959Harmon Killebrew
43.5%
1962Harmon Killebrew
43.5%
1997Jay Buhner
42.3%
2011Mark Teixeira
42%
1999Greg Vaughn
40.3%
1975Mike Schmidt
40.2%
2017Kyle Schwarber
39.2%
1985Darrell Evans
38.2%
2001Troy Glaus
37.6%
2002Troy Glaus
37.6%
1952Ralph Kiner
37.5%
1986Rob Deer
37.3%
1992Rob Deer
37.3%
2016Justin Upton
34%
2007Dan Uggla
33.8%
2011Dan Uggla
33.8%
2017Joey Gallo
33.3%
1968Ernie Banks
33.1%
2017Adam Duvall
32.3%
2016Todd Frazier
32.2%
2012Pedro Álvarez
31.9%
1985Steve Balboni
31.3%
2017Logan Morrison
30.9%
2017Wil Myers
29.3%
1985Carlton Fisk
29.3%
2013Mark Trumbo
27.7%
2013Pedro Álvarez
27.1%
1983Tony Armas
27%
2009Dan Uggla
26.9%
1992Mickey Tettleton
26.9%
1993Mickey Tettleton
26.9%
1995Mickey Tettleton
26.9%
2017Rougned Odor
26.7%
1984Lance Parrish
26.6%
1962Norm Cash
26.5%
1977Ron Cey
26.5%
2016Mike Napoli
25.6%
2016Adam Duvall
25.6%
Year Answer % Correct
2008Pat Burrell
25.4%
2017Eric Thames
24.7%
1960Rocky Colavito
23.8%
1966Rocky Colavito
23.8%
1984Ron Kittle
23.2%
2007Chris Young
22.7%
2017Lucas Duda
22%
1972Nate Colbert
21.3%
2017Jake Lamb
21.2%
2000Jose Cruz
21.1%
1967Jimmy Wynn
20.3%
1982Ben Oglivie
20.2%
2017Steven Souza Jr.
20.1%
1993Dean Palmer
20%
2012Josh Reddick
19.4%
2000Jeromy Burnitz
18.9%
2003Jeromy Burnitz
18.9%
1993Danny Tartabull
18%
1986Don Baylor
17.9%
2016Brad Miller
17.8%
2002Tony Batista
17.3%
2004Tony Batista
17.3%
2000Eric Karros
16%
1986Pete Incaviglia
15.6%
1996Ron Gant
15.5%
1987Cory Snyder
14.4%
2017Scott Schebler
13.6%
2016Jedd Gyorko
12.5%
2008Jack Cust
12.1%
1980John Mayberry
11.7%
1987Mike Pagliarulo
9%
1969Ken Harrelson
8.7%
2004Mike Cameron
8%
1956Wally Post
7.8%
2008Mike Jacobs
7.4%
2004Jose Valentin
7.2%
1993Phil Plantier
6.4%
1996Ed Sprague
6.2%
1958Gus Triandos
5.5%

You're not logged in!

Compare scores with friends on all Sporcle quizzes.
OR
Log In

You Might Also Like...

Show Comments

Extras

Top Quizzes Today


Score Distribution

Your Account Isn't Verified!

In order to create a playlist on Sporcle, you need to verify the email address you used during registration. Go to your Sporcle Settings to finish the process.

Report this User

Report this user for behavior that violates our Community Guidelines.

Details: